Red Hot Chili Peppers - Lyrics Quiz - Statistics

General Stats
  • This quiz has been taken 87 times
  • The average score is 3 of 8
Answer Stats
Lyric Title % Correct
"Find a way to be a skater, super friendly aviator..." The Zephyr Song
77%
"All on a spaceship persevering, use my hands for everything but steering!" can't stop
74%
"Its so bad, Its gotta be good, mysterious girl misunderstood..." Slow cheetah
56%
"Double chins and bowling pins, unholy presbyterians..." Especially in michigan
36%
"Pick you up like a paperback, with the track record of a maniac!" Dark necessities
33%
"Got a heavy laugh for such a tiny girl, born into it, thats for sure..." sick love
30%
"This town is made of many things, just look at what the current brings..." tell me baby
18%
"Live or die before I get it done, will you decide?" Brendan's death song
14%
No matching quizzes found
Score Distribution
Percent of People with Each Score
Percentile by Number Answered
Your Score History
You have not taken this quiz